000 03806cam a22012254i 4500
003 PE-LiUPU
005 20250813185514.0
008 150625s r 000 0 d
020 _a997220541
035 _a(Sirsi) i997220541
040 _aPE-LiUPU
_bspa
_cPE-LiUPU
_erda
049 _aPRUA
082 0 4 _a370.008
_bC
_221
100 1 _aPalos, José coord.,
_eautor.
245 1 0 _aEstrategias para el desarrollo de los temas transversales del currículo.
_n8 /
_cJosé Palos coord.
264 1 _aLima :
_bAlfaomega,
_c2005.
300 _a236 páginas ;
_c22 centímetros
336 _atext
_2rdacontent
337 _aunmediated
_2rdamedia
338 _avolume
_2rdacarrier
504 _aIncluye referencias bibliográficas.
505 0 _aIntroducción sobre la actualidad de los ejes o temas transversales y cómo facilitar su desarrollo en los proyectos de los centros. -Los ejes o temas transversales: Cambiar o reinterpretar el currículum. -La presencia de los temas transversales en la vida cotidiana del centro. -La presencia de los ejes o temas transversales en los materiales. La auditoría en los libros de texto. -Los ejes o temas transversales a travez del desarrollo de temas monográficos. -La impregnación de unidades didácticas previamente elaboradas. -Los temas transversales como organizadores de las unidades didácticas. -La impregnación de las áreas curriculares con los ejes o temas transversales. -Hacia un nuevo curriculum organizado por los temas transversales. Elementos para una propuesta. -Ejes o temas transversales del currículum: Educar para un desarrollo humano y un futuro más justo y sostenible.
526 _aP202
526 _aP201
526 _aP163
526 _aP162
526 _aP161
526 _aP160
526 _aP148
526 _aP147
526 _aP146
526 _aP145
526 _aP144
526 _aP143
526 _aP142
526 _aP141
526 _aP140
526 _aP139
526 _aP138
526 _aP137
526 _aP136
526 _aP135
526 _aP134
526 _aP133
526 _aP129
526 _aP128
526 _aP127
526 _aP120
526 _aP119
526 _aP118
526 _aP116
526 _aP115
526 _aP114
526 _aP110
526 _aP109
526 _aP108
526 _aP104
526 _aP103
526 _aP102
526 _aP99
526 _aP98
526 _aP97
526 _aP96
526 _aP95
526 _aP93
526 _aP90
526 _aP89
526 _aP88
526 _aP83
526 _aP82
526 _aP62
526 _aP59
526 _aP58
526 _aP57
526 _aP51
526 _aP49
526 _aP48
526 _aP47
526 _aP29
526 _aP24
526 _aP20
526 _aP19
526 _aP17
526 _aP15
526 _aP14
526 _aP12
526 _aP10
526 _aP09
526 _aP08
526 _aP07
526 _aP06
526 _aP05
526 _aP04
526 _aP01
650 0 4 _aEducación primaria
_xCurrículo
_zEspaña.
650 0 4 _aEducación secundaria
_xCurriculo
_zEspaña.
650 0 4 _aPlanes de estudio
_xEDUCACION primaria y secundaria
_zESpaña.
910 _baj-hf
_csm
_d2005101
942 _2ddc
_cBOOK
949 _a370.008 C 8
_wDEWEY
_c1
_i55824
_lCCODEBUL1
_mBUL
_p6.00
_r0
_sY
_tBOOK
_u2015-6-25
_xEDUCACION
_zUNKNOWN
_0COMPRA
_o.STAFF. Colección General
994 _aC0
_bPEPRU
596 _a1
999 _a370.008 C 8
_wDEWEY
_c44695
_i55824
_f2021-11-8
_g4
_lCCODEBUL1
_mBUL
_p6.00
_r0
_sY
_tBOOK
_u2015-6-25
_xEDUCACION
_zUNKNOWN
_0COMPRA
_o.STAFF. Colección General
_d44695
980 _81
_gALBERTO SANCHEZ Responsable de Automatización